000 00751nam a2200229 i 4500
001 122308
003 ES-MaACL
005 20260315204633.0
007 t|
008 070524s1929 sp ||||1| spa d
080 _a821.134.2-22"19"
100 1 _aArniches, Carlos.
_923094
245 1 0 _aPara ti es el mundo
_b: farsa cómica en tres actos /
_cCarlos Arniches ; dibujos de Alonso.
260 _aMadrid :
_bEditorial Estampa,
_c1929.
300 _a78 p. :
_bil. ;
_c16 cm.
490 1 _aFarsa ;
_v117
500 _aEstrenada en el teatro Lara de Madrid el día 17 de octubre de 1929.
700 0 _aAlonso
_c(ilustrador)
_920301
830 0 _aFarsa ;
_v117
_9186562
852 _aES-MaACL
_jG-8823(4)
_bR.142275
999 _c122308
_d122308